Tratado de quimica inorganica / Modesto Bargallo. (Registro nro. 19685)
[ vista simple ]
| 000 -LÍDER | |
|---|---|
| fixed length control field | 00389nam a2200145 4500 |
| 008 - ELEMENTOS DE LONGITUD FIJA -- INFORMACIÓN GENERAL | |
| fixed length control field | 0 1962 0a 000 0MEX |
| 020 ## - NÚMERO INTERNACIONAL NORMALIZADO PARA LIBROS | |
| ISBN | s/n |
| 050 ## - SIGNATURA TOPOGRAFICA DE LA BIBLIOTECA DEL CONGRESO (LC) | |
| Número de Clasificación | HD51.2 B3 |
| 082 ## - NUMERO DE CLASIFICACION DECIMAL DEWEY | |
| Número de Clasificación | 546 B133t |
| 100 ## - ASIENTO PRINCIPAL--NOMBRE PERSONAL | |
| Nombre personal | Bargallo,Modesto |
| 245 ## - TÍTULO | |
| Título | Tratado de quimica inorganica / Modesto Bargallo. |
| 260 ## - PUBLICACIÓN, DISTRIBUCIÓN, ETC. (PIE DE IMPRENTA) | |
| Lugar de publicación, distribución, etc. | Mexico: Porrua |
| 300 ## - DESCRIPCIÓN FÍSICA | |
| Extensión | xxiii, 1133p, 26cm |
| 650 ## - ASIENTO SECUNDARIO DE MATERIA - TERMINO TEMÁTICO | |
| Término temático o nombre geográfico como elemento de entrada | 1. QUIMICA INORGANICA |
| No. biblioteca | No. biblioteca | Número de clasificación | Código de barras/Número de adquisición | Número de copia | Tipo de material |
|---|---|---|---|---|---|
| LUIS G. INCLAN | LUIS G. INCLAN | 546 B133t | 13230 | 1 | Libros |
| LUIS G. INCLAN | LUIS G. INCLAN | 546 B133t | 4589 | 3 | Libros |
| LUIS G. INCLAN | LUIS G. INCLAN | 546 B133t | 4591 | 5 | Libros |
| LUIS G. INCLAN | LUIS G. INCLAN | 546 B133t | 4590 | 4 | Libros |
